Nan Goldin.
Uloženo v:
| Hlavní autor: | |
|---|---|
| Médium: | Kniha |
| Jazyk: | angličtina italština |
| Vydáno: |
London, UK :
Phaidon,
2010.
|
| Témata: | |
| Tagy: |
Přidat tag
Žádné tagy, Buďte první, kdo vytvoří štítek k tomuto záznamu!
|
MARC
| LEADER | 00000nam a22000007a 4500 | ||
|---|---|---|---|
| 003 | CL-VaPUC | ||
| 005 | 20250407202450.0 | ||
| 008 | 250317t2010 ||||| |||| 00| 0 eng d | ||
| 999 | |c 447391 |d 447389 | ||
| 010 | |a 2010537330 | ||
| 020 | |a 9780714859453 (hbk.) | ||
| 020 | |a 0714859451 (hbk.) | ||
| 035 | |a (OCoLC)ocn656777072 | ||
| 040 | |a UKM |c Pontificia Universidad Católica de Valparaíso |d ORX |d BTCTA |d ERASA |d YDXCP |d DLC | ||
| 041 | 1 | |a eng |h ita | |
| 042 | |a lccopycat | ||
| 050 | 0 | 0 | |a TR680 |b .C66 2010 |
| 082 | 0 | 4 | |a 770.92 COS 2010 |2 22 |
| 100 | 1 | |a Costa, Guido. |e author |9 896950 | |
| 245 | 1 | 0 | |a Nan Goldin. |
| 260 | |a London, UK : |b Phaidon, |c 2010. | ||
| 300 | |a 125 páginas : |b retratos. | ||
| 500 | |a c.1.-c.2. Instituto Arcos 8-1-2025. | ||
| 546 | |a Translated from the Italian. | ||
| 583 | |c 20250317 |k GC | ||
| 600 | 1 | 0 | |a Goldin, Nan, |d 1953- |e artista |9 896951 |
| 650 | 0 | |a Fotografía de retrato |9 862302 | |
| 650 | 0 | |a Fotografía artística |9 269391 | |
| 942 | |2 ddc |c BK |n 0 | ||
| 952 | |0 0 |1 0 |2 ddc |4 0 |6 770_920000000000000_COS_2010 |7 0 |8 A |9 601373 |a BIBINC |b BIBINC |d 2025-03-17 |e Instituto Arcos |i 5666282 |l 1 |o 770.92 COS 2010 |p 5666282 |r 2025-03-28 |s 2025-03-21 |t 1 |w 2025-03-17 |y BK |k IFP | ||
| 952 | |0 0 |1 0 |2 ddc |4 0 |6 770_920000000000000_COS_2010 |7 0 |8 A |9 601374 |a BIBINC |b BIBINC |d 2025-03-17 |e Instituto Arcos |i 5666283 |l 2 |m 1 |o 770.92 COS 2010 |p 5666283 |r 2025-04-11 |s 2025-04-04 |t 2 |w 2025-03-17 |y BK |k IFP | ||